| 000 | 00639nam a2200205Ia 4500 | ||
|---|---|---|---|
| 008 | 140626s9999 xx 000 0 und d | ||
| 100 | _aUnterrainer, Josef. | ||
| 245 |
_aRevising superior planning performance in chess players : _bthe impact of time restriction and motivation aspects / _cJosef Unterrainer ... [et al.]. |
||
| 260 | _cc2012. | ||
| 300 | _a125 : 2, page 219 | ||
| 440 | _aThe American Journal of Psychology | ||
| 521 | _aPSYCH | ||
| 650 | _aChess. | ||
| 650 | _aMotivation. | ||
| 650 | _aPerformance plans. | ||
| 650 | _aSuperiority. | ||
| 650 | _aTime pressure. | ||
| 650 | _aTime restriction. | ||
| 942 | _cSE | ||
| 999 |
_c121349 _d121349 |
||